| 000 | 01120nam a2200289 i 4500 | ||
|---|---|---|---|
| 003 | DO-SdBNP | ||
| 005 | 20250811114112.0 | ||
| 007 | ta | ||
| 008 | 250811t2025 dr 000 0 spa d | ||
| 020 | _z9789945656541 | ||
| 040 |
_aDO-SdBNP _bspa _cBNPHU _erda |
||
| 041 | _aspa | ||
| 082 |
_axxxx _bP227 _222 |
||
| 100 | 1 |
_aParedes, Emilia _eautora _4aut. _926602 |
|
| 245 | 1 | 3 |
_aEl premio / _cEmilia Paredes |
| 250 | _aPrimera edición | ||
| 264 |
_aSanto Domingo : _bEditorial Santuario, _c2025. |
||
| 300 |
_a63 páginas _c24 cm. |
||
| 336 |
_atexto _btxt _2rdacontent |
||
| 337 |
_asin mediación _bn _2rdamedia |
||
| 338 |
_avolumen _bnc _2rdacarrier |
||
| 500 | _aIncluye datos biográficos de la autora en la solapa de la cubierta. | ||
| 520 | _a¿Y si te dijera que entre las manos ásperas de un plomero vivía el alma de un arquitecto de sueños? ¿Que detrás del silbido de un hombre montado en su mecedora hay un universo entero, hecho de luchas, risas, cicatrices… y una imaginación que alcanzó a predecir el futuro? | ||
| 590 | _aInventariado, 2025/ YL | ||
| 910 | _aYLockward | ||
| 942 |
_2ddc _cLBS1 |
||
| 999 |
_c59757 _d59757 |
||